000 01492nam0a2200337 4500
001 RU\NLR\bibl\446833
005 20260408184739.0
021 _aRU
_b2003-42191
_92005
035 _a(NLR Aleph) 000440497
090 _a811046
_c811046
100 _a20031014d2001 |||y0rusy50 ca
101 0 _arus
_deng
102 _aRU
105 _aa |||||||||
200 1 _aСтенд для измерений кремниевых счетчиков вершинного детектора установки СВД
_fГ.А. Богданова, М.В. Васильев, В.Ю. Волков и др.
210 _aПротвино
_cИФВЭ
_d2001
215 _a8 с.
_cил.
_d28
225 1 _aПрепринт
_fГос. науч. центр Рос. Федерации Ин-т физики высоких энергий
_vИФВЭ ОЭФ 2001-20
300 _aРез. на англ. яз.
320 _aБиблиогр.: с. 8 (8 назв.)
606 0 _aСВД, установка для ядерных исследований
_xВершинные детекторы
_92307796
_3RU\NLR\auth\661381325
606 _aСчетчики ядерных частиц кремниевые
_91882911
_3RU\NLR\auth\661146194
686 _aВ381
701 1 _aБогданова
_bГ. А.
_4070
701 1 _aВасильев
_bМ. В.
_4070
701 1 _aВолков
_bВ. Ю.
_4070
801 0 _aRU
_bNLR
_c20031014
_gPSBO
801 1 _aRU
_bNLR
_c20031014
942 _cBOOK
980 _aNB